ბათუმის შოთა რუსთაველის სახელმწიფო უნივერსიტეტის ბიბლიოთეკა

წეროების სამკუთხედი (ბიბ.ჩანაწერი № 49155)

000 -LEADER
fixed length control field 01093nam a2200241Ia 4500
001 - CONTROL NUMBER
control field 16065
003 - CONTROL NUMBER IDENTIFIER
control field GE_BSU
008 - FIXED-LENGTH DATA ELEMENTS--GENERAL INFORMATION
fixed length control field 181216s||||||||xx |||||||||||||| ||und||
040 ## - CATALOGING SOURCE
Transcribing agency GE_BSU
080 ## - UNIVERSAL DECIMAL CLASSIFICATION NUMBER
Universal Decimal Classification number 821.353.1-1
100 ## - MAIN ENTRY--PERSONAL NAME
Personal name ჯავახაძე, ვახტანგ
245 ## - TITLE STATEMENT
Title წეროების სამკუთხედი
245 ## - TITLE STATEMENT
Remainder of title ლექსები
245 ## - TITLE STATEMENT
Statement of responsibility, etc. რედ.ლ.ნანიტაშვილი.მხ. დ.დუნდუა
260 ## - PUBLICATION, DISTRIBUTION, ETC.
Place of publication, distribution, etc. თბილისი
260 ## - PUBLICATION, DISTRIBUTION, ETC.
Name of publisher, distributor, etc. საბჭ. საქართველო
260 ## - PUBLICATION, DISTRIBUTION, ETC.
Date of publication, distribution, etc. 1978
300 ## - PHYSICAL DESCRIPTION
Extent 267გვ. ; 20სმ
653 ## - INDEX TERM--UNCONTROLLED
Uncontrolled term ლექსები
653 ## - INDEX TERM--UNCONTROLLED
Uncontrolled term ნეილონის თოვლი; უცნობი; მესამე სიხარული; გრაფიკული ლირიკა; ტრიალდება, ტრიალდება; ღია ქალაქი; გაზაფხულივით; ირონიული ლირიკა
653 ## - INDEX TERM--UNCONTROLLED
Uncontrolled term წეროების სამკუთხედი
942 ## - ADDED ENTRY ELEMENTS (KOHA)
Koha item type წიგნი
ეგზემპლარები
Withdrawn status Lost status Damaged status Not for loan Date acquired Barcode Date last seen Price effective from Koha item type
        2018-12-17 39765 2018-12-17 2018-12-17 წიგნი
        2018-12-17 39626 2018-12-17 2018-12-17 წიგნი
        2018-12-17 39627 2018-12-17 2018-12-17 წიგნი